| 000 | 00440cam a2200181ua 4500 | ||
|---|---|---|---|
| 001 | 7228 | ||
| 008 | 141204n ii |||gr||||Z||||||eng | ||
| 040 | _cMAIN | ||
| 041 | _aeng | ||
| 082 | _a342 | ||
| 100 |
_aRai,B.C., _eAuthor. |
||
| 245 |
_aThe world constitutions : _bComparative study / _cBy B.C. Rai . |
||
| 250 | _a1st. | ||
| 260 |
_aLucknow: _bPrakashan, _c1983. |
||
| 300 | _a808p. | ||
| 653 | _aWorld constitutions | ||
| 942 | _cBK | ||
| 999 |
_c6353 _d6353 |
||